000 00511ntaaa2200193 4500
003 01
005 20251027201847.0
008 0714s1973 ag 01
040 _aAR-BaBN
_bspa
_cAR-BaBN
_eaacr
_dRIC
082 _a248.1000 Si5
100 _aSimpson, John E.
_917088
245 _aGreat stewards of the bible
250 _a1 ed.
260 _aNew York :
_bFleming H Revell Company,
_cc1947
300 _a98 p
500 _aEstudio de los grandes mayordomos de la Biblia
650 _amayordomía
942 _cBK
999 _c13277
_d13277